000 00872cam a22002175a 4500
001 L156281
008 120510s1870 xxk f 000 0 eng d
035 _a(Sirsi) u156281
041 0 _aeng
100 1 _aPalmer, Thomas
_cSir
245 0 2 _aA survey of the coast of Sussex
_bmade in 1587 with a view to its defence against foreign invasion and especially against the Spanish Armada : edited, with notes, by Mark Antony Lower
260 _aLewes
_bW. E. Baxter
_c1870
300 _a7, 6 p.
_bill, maps
_c28 x 38 cm.
520 _aFacsimile of the manuscript produced in 1587 made by Sir Thomas Palmer and Walter Covert, with hand-coloured maps.
583 0 _aCondition reviewed
_c20120620
_lcondition level 4, detached boards
651 4 _aSussex
_y1888-
690 _aRural
_96268
700 1 _aWalter, Covert
700 1 _aLower, Mark Antony
_d1813-1876
942 _n0
999 _c114152
_d114152